000 01006nam a2200361Ia 4500
008 170203s9999 xx 000 0 und d
020 _a9780439661645
050 _aFic
050 _bM734
100 _aStilton, Geronimo.
245 4 _aThe Mona Mousa code /
245 _cGeronimo Stilton ; illustrations by Matt Wolf ; English translation by Edizioni Piemme S.p.A.
260 _aNew York :
260 _bScholastic,
260 _c2005
300 _a112 pages :
300 _bcolor illustrations, maps ;
300 _c20 cm.
440 _aGeronimo Stilton ;
440 _v#15.
500 _aTranslation of: Sorriso di Monna Topisa.
650 _aArt --
650 _aCiphers --
650 _aJournalists --
650 _aMice --
650 _aStilton, Geronimo (Fictitious character) --
650 _xFiction.
650 _xFiction.
650 _xFiction.
650 _xJuvenile fiction.
650 _xJuvenile fiction.
700 _aWolf, Matt, illustrator.
999 _c306272
_d306272